Loading...
| History - World | 0 | 8 | 0 | 0 | 80 | 47 | 67.13 | 3 | 7 | 0.00 | 0.00 |
| Religion | 0 | 5 | 0 | 1 | 50 | 15 | 58.20 | 3 | 5 | 0.00 | 0.00 |
| Mythology | 0 | 5 | 1 | 2 | 45 | 36 | 80.60 | 1 | 4 | 0.00 | 0.00 |
| Literature - European | 0 | 3 | 0 | 0 | 30 | 81 | 97.67 | 1 | 1 | 0.00 | 0.00 |
| Current Events | 0 | 3 | 0 | 1 | 30 | 54 | 75.67 | 0 | 2 | 0.00 | 0.00 |
| Geography | 0 | 3 | 0 | 0 | 30 | 51 | 67.67 | 2 | 2 | 0.00 | 0.00 |
| History - European | 0 | 3 | 1 | 1 | 25 | 11 | 68.00 | 1 | 2 | 0.00 | 0.00 |
| Social Science | 0 | 2 | 0 | 0 | 20 | 52 | 62.50 | 0 | 1 | 0.00 | 0.00 |
| Fine Arts - Classical Music | 0 | 2 | 0 | 0 | 20 | 84 | 86.00 | 0 | 2 | 0.00 | 0.00 |
| Fine Arts - Other | 0 | 2 | 0 | 0 | 20 | 88 | 91.00 | 0 | 1 | 0.00 | 0.00 |
| Fine Arts - Painting and Sculpture | 0 | 2 | 0 | 2 | 20 | 98 | 108.00 | 0 | 1 | 0.00 | 0.00 |
| History - American | 0 | 3 | 2 | 0 | 20 | 62 | 78.00 | 0 | 3 | 0.00 | 0.00 |
| Philosophy | 0 | 2 | 1 | 0 | 15 | 56 | 60.50 | 0 | 2 | 0.00 | 0.00 |
| History - Other | 0 | 2 | 1 | 0 | 15 | 42 | 56.50 | 1 | 1 | 0.00 | 0.00 |
| Literature - World | 0 | 0 | 0 | 0 | 0 | 0.00 | 0 | 0 | 0.00 | 0.00 | |
| Science - Physics | 0 | 0 | 0 | 0 | 0 | 0.00 | 0 | 0 | 0.00 | 0.00 | |
| Literature - British | 0 | 0 | 1 | 0 | -5 | 0.00 | 0 | 0 | 0.00 | 0.00 | |
| Science - Chemistry | 0 | 0 | 1 | 0 | -5 | 0.00 | 0 | 0 | 0.00 | 0.00 |